Operations in WWII - Statistics

General Stats
  • This quiz has been taken 2,458 times
  • The average score is 4 of 10
Answer Stats
Hint Answer % Correct
Attack on the Soviet Union Barbarossa
86%
Invasion of Normandy Overlord
85%
Allied airborne operation in the Netherlands Market garden
61%
Invasion of Great Britain Sea lion
59%
British–American invasion of French North Africa Torch
47%
The Allied invasion of Sicily Husky
25%
The Dunkirk evacuation Dynamo
20%
Battle of Kursk Citadel
19%
Allied invasion of southern France Dragoon or Anvil
19%
The German invasion of Greece Marita
6%
No matching quizzes found
Score Distribution
Percent of People with Each Score
Percentile by Number Answered
Your Score History
You have not taken this quiz